000 00701nam a2200265 a 4500
001 nice12345678
003 IN_TiNIC
005 20260116012733.0
008 050524s1992 newa grp 000 0 eng
020 _a8185425
_c200
082 0 0 _a954.035092
_bMUS
100 _aMushirul Hasan,
245 _aIslam and Indian Nationalism
_b Reflections on Abul Kalam Azad
260 _aNew Delhi
_bManohar Publisher
_c1992
300 _a182p
500 _aincludes index and biblioraphy
505 2 _aIndex
650 _aAbul Kalam Azad-Biography
650 _aIndia-Nationalism
650 _aIslam-India
700 1 _aMushirul Hasan,
902 _bSRC
942 _cBK
999 _c8165
_d8165